1044 1915 1091 1224 1495 1083 1767 1221 1463 1038 1396 1740 1937 1149 1798 1366 1137 1095 1696 1995 1657 1702 1225 1317 1454 1246 1198 1477 1883 1881 1885 1522 1527 1251 1937 1414 1324 1016 1040 1238 1689 1344 1469 1021 1446 1031 1148 1353 1170 1899 1850 1700 1430 1723 1050 1965 1445 1625 1129 1266 1549 1907 1851 1373 1864 1129 1585 1888 1546 1485 1571 1334 1759 1931 1606 1463 1494 1853 1630 1367 1497 1207 1325 1097 1705 1467 1032 1292 1762 1678 1419 1523 1511 1257 1601 1634 1119 1180 1936 BCNSPRNW ULIB Ver.6.0+V

เปลี่ยนเป็นภาษาไทย

Change to English
 แสดงรายละเอียดบรรณานุกรม
  กลับหน้าหลัก

Brief Record : Get Marc (ISO 2709) : E-mail record : QR code < ปิดหน้าต่าง
LEADER : 00000nam 2200000uu 4500
001    13399124298
003     ULIB
008    150220s2557||||th 000 0 tha d
020    ^a9789746522786
060 04 ^aQS4^bก768ม
100 0  ^aเกล็ดแก้ว ด่านวิวัฒน์
245 10 ^aมหกายวิภาคศาสตร์พื้นฐาน /^cเกล็ดแก้ว ด่านวิวัฒน์
250    ^aพิมพ์ครั้งที่ 2.
260    ^aกรุงเทพฯ :^bไอกรุ๊ปเพรส,^c2557.
300    ^a196 หน้า :^bภาพประกอบ ;^c27 ซม.
500    ^aSend to Single Search.
650  4 ^aกายวิภาคศาสตร์
945    ^p250^l0^i22892
945    ^p250^l0^i22893
945    ^p250^l0^i22894
945    ^p250^l0^i22895
999    ^aทศพร เกษรทอง
รายการนี้ยังไม่มีแท็ก
คุณยังไม่ได้ล็อกอิน คุณสามารถมีกิจกรรมร่วมกับเว็บไซต์ได้ แต่ต้องล็อกอินก่อน ::
  ล็อกอิน

รายการสื่อสารสนเทศ

ลำดับที่ ประเภท เลขเรียก/บาร์โค้ด สถานที่ สถานะ
1. วิทยาศาสตร์การแพทย์ และสุขภาพ
วิทยาศาสตร์การแพทย์ และสุขภาพ
สถานะ=หนังสือเก่า
QS4 ก768ม ฉ.1 
  Barcode: 22892
ห้องสมุดวิทยาเขตนครสวรรค์
►ส่วนจัดเก็บหนังสือเก่า นว.
บนชั้น
  ขอยืม
2. วิทยาศาสตร์การแพทย์ และสุขภาพ
วิทยาศาสตร์การแพทย์ และสุขภาพ
สถานะ=หนังสือเก่า
QS4 ก768ม ฉ.2 
  Barcode: 22893
ห้องสมุดวิทยาเขตนครสวรรค์
►ส่วนจัดเก็บหนังสือเก่า นว.
บนชั้น
  ขอยืม
3. วิทยาศาสตร์การแพทย์ และสุขภาพ
วิทยาศาสตร์การแพทย์ และสุขภาพ
สถานะ=หนังสือเก่า
QS4 ก768ม ฉ.3 
  Barcode: 22894
ห้องสมุดวิทยาเขตนครสวรรค์
►ส่วนจัดเก็บหนังสือเก่า นว.
บนชั้น
  ขอยืม
4. วิทยาศาสตร์การแพทย์ และสุขภาพ
วิทยาศาสตร์การแพทย์ และสุขภาพ
สถานะ=หนังสือเก่า
QS4 ก768ม ฉ.4 
  Barcode: 22895
ห้องสมุดวิทยาเขตนครสวรรค์
►ส่วนจัดเก็บหนังสือเก่า นว.
บนชั้น
  ขอยืม

รายการใกล้เคียง
    ผู้แต่ง [เกล็ดแก้ว ด่านวิวัฒน์]

    หัวเรื่อง [กายวิภาคศาสตร์]

BibComment


ยังไม่เคยถูกคอมเมนท์

คอมเมนท์ทรัพยากรรายการนี้
  คอมเมนท์: มหกายวิภาคศาสตร์..


 Copyright 2026. Bcnsprnw @Library